José Martí y la soberanía monetaria /
El artículo expone las principales ideas de José Martí, en relación con la propuesta del gobierno de los Estados Unidos planteada a los países hispanoamericanos de formar una unión monetaria. También se expone los elementos históricos, entre 1978 y 1900, del sistema monetario estadounidense....
Αποθηκεύτηκε σε:
| Κύριος συγγραφέας: | |
|---|---|
| Άλλοι συγγραφείς: | , |
| Μορφή: | Κείμενο |
| Θέματα: | |
| Ετικέτες: |
Προσθήκη ετικέτας
Δεν υπάρχουν, Καταχωρήστε ετικέτα πρώτοι!
|
MARC
| LEADER | 00000 a a2200000 04500 | ||
|---|---|---|---|
| 001 | 45789 | ||
| 003 | |||
| 040 | |a CRAI/IIS |c CRAI/IIS | ||
| 100 | |a Abarca Hernández, Oriester | ||
| 245 | |a José Martí y la soberanía monetaria / |c Oriester Abarca Hernández, Jorge Bartels Villanueva, Susan Chen Mok | ||
| 520 | |a El artículo expone las principales ideas de José Martí, en relación con la propuesta del gobierno de los Estados Unidos planteada a los países hispanoamericanos de formar una unión monetaria. También se expone los elementos históricos, entre 1978 y 1900, del sistema monetario estadounidense. | ||
| 590 | |a RRH/ABRIL2014 | ||
| 650 | |a UNION MONETARIA | ||
| 650 | |a DINERO | ||
| 650 | |a RELACIONES INTERNACIONALES | ||
| 650 | |a PODER | ||
| 650 | |a COMERCIO INTERNACIONAL | ||
| 650 | |a ESTADOS UNIDOS | ||
| 650 | |a AMERICA LATINA | ||
| 700 | |a Bartels Villanueva, Jorge | ||
| 700 | |a Chen Mok, Susan | ||
| 773 | |g volumen30, número1 (2012), páginas 235-252 | ||
| 999 | |c 18475 |d 18475 | ||
